[Event "Norway Chess 2025"]
[Site "Stavanger"]
[Date "26.05.2025"]
[Round "1"]
[White "Carlsen, Magnus"]
[Black "Gukesh, Dommaraju"]
[Result "1-0"]
[WhiteTitle "GM"]
[BlackTitle "GM"]
[WhiteElo "2837"]
[BlackElo "2787"]
[EventDate "2025.05.26"]

1. d4 Nf6 2. Nc3 d5 3. Bf4 c5 4. e3 Bg4 5. Be2 Bxe2 6. Ncxe2 Nc6 7. Nf3 e6
8. c3 Be7 9. Ng3 O-O 10. Qe2 h6 11. Rd1 Qa5 12. a3 Rfd8 13. h4 Qa4 14. Ne5
Nxe5 15. Bxe5 Nd7 16. Bf4 Qa6 17. Qf3 Bd6 18. Nh5 Bxf4 19. Qxf4 e5 20. Qg3
Qg6 21. Qxg6 fxg6 22. Ng3 exd4 23. cxd4 c4 24. Ne2 b5 25. Nc3 Nf6 26. Rb1
Rab8 27. f3 a5 28. b4 cxb3 29. Rxb3 b4 30. axb4 Rxb4 31. Ra3 Re8 32. Kd2
Rb2+ 33. Kd3 Rxg2 34. Rxa5 Rg3 35. Rf1 g5 36. hxg5 Rxg5 37. Rfa1 h5 38. Ra8
Rxa8 39. Rxa8+ Kh7 40. e4 dxe4+ 41. fxe4 h4 42. e5 h3 43. exf6 h2 44. f7
Rg3+ 45. Kd2 h1=Q 46. f8=Q Qh6+ 47. Kc2 Qg6+ 48. Kb2 Qb6+ 49. Ka2 Rg2+ 50.
Ka3 Qb2+ 51. Ka4 Qxc3 52. Qh8+ Kg6 53. Ra6+ Kf5 54. Qf8+ Ke4 55. Re6+ 1-0

[Event "Norway Chess 2025"]
[Site "Stavanger"]
[Date "27.05.2025"]
[Round "2"]
[White "Erigaisi, Arjun"]
[Black "Gukesh, Dommaraju"]
[Result "1-0"]
[WhiteTitle "GM"]
[BlackTitle "GM"]
[WhiteElo "2782"]
[BlackElo "2787"]
[EventDate "2025.05.26"]

1. d4 Nf6 2. c4 e6 3. Nc3 Bb4 4. g3 O-O 5. Bg2 d5 6. a3 Bxc3+ 7. bxc3 dxc4
8. a4 c5 9. Ba3 Qa5 10. Qc2 Rd8 11. Bxc5 Na6 12. Be7 Rxd4 13. Nf3 Rd7 14.
Bxf6 gxf6 15. Nd2 Qc7 16. a5 Rb8 17. O-O b5 18. axb6 axb6 19. Ne4 Kg7 20.
g4 Nc5 21. Ng3 Qe5 22. Rad1 b5 23. f4 Qe3+ 24. Kh1 Rxd1 25. Qxd1 Nd7 26.
Bc6 Rb6 27. Nh5+ Kh8 28. Rf3 Qc5 29. Bxd7 Rd6 30. Qe1 Bb7 31. e4 Rxd7 32.
Nxf6 Rd3 33. Qh4 Kg7 34. Rxd3 cxd3 35. Nh5+ Kg8 36. Qd8+ Qf8 37. Qxd3 f5
38. Qd7 Bxe4+ 39. Kg1 Bd5 40. gxf5 Qc5+ 41. Kf1 Bc4+ 42. Kg2 Qd5+ 43. Qxd5
exd5 44. Kf3 d4 45. cxd4 b4 46. Ke3 Kf7 47. Ng3 Ke7 48. Kd2 Kd6 49. Ne4+
Kd5 50. Ke3 b3 51. f6 Ke6 52. f5+ Kd7 53. Kd2 b2 54. Nc5+ Ke8 55. Kc2 Kf7
56. Kxb2 Bf1 57. Ne4 Bg2 58. Ng3 Kxf6 59. h4 Bd5 60. Kc3 Ke7 61. Kd3 Kd6
62. Ne4+ 1-0

[Event "Norway Chess 2025"]
[Site "Stavanger"]
[Date "28.05.2025"]
[Round "3"]
[White "Caruana, Fabiano"]
[Black "Erigaisi, Arjun"]
[Result "1-0"]
[WhiteTitle "GM"]
[BlackTitle "GM"]
[WhiteElo "2776"]
[BlackElo "2782"]
[EventDate "2025.05.26"]

1. e4 e6 2. d4 d5 3. Nc3 Nf6 4. e5 Nfd7 5. Nce2 c5 6. c3 Nc6 7. h4 f6 8.
Nf4 cxd4 9. Nxe6 Qb6 10. Qb3 dxc3 11. bxc3 Qa5 12. exf6 Nxf6 13. Nxf8 Rxf8
14. Bb5 Ne4 15. Nf3 Qxc3+ 16. Qxc3 Nxc3 17. a4 a6 18. Bxc6+ bxc6 19. Bb2
Ne4 20. O-O c5 21. Rfe1 Bf5 22. Rac1 Kd7 23. Ne5+ Kd6 24. f3 Nd2 25. Rcd1
Nb3 26. g4 Bc8 27. Nc4+ Kc6 28. Bxg7 dxc4 29. Bxf8 Nd4 30. Re8 c3 31. Rc1
Bb7 32. Rxa8 Ne2+ 33. Kf2 Nxc1 34. Rd8 c2 35. Bh6 Nb3 36. h5 c4 37. Bf4 Kc5
38. Be3+ Kb4 39. g5 c3 40. g6 hxg6 41. h6 c1=Q 42. Bxc1 Nxc1 43. Rb8 Nd3+
44. Ke3 1-0

[Event "Norway Chess 2025"]
[Site "Stavanger"]
[Date "29.05.2025"]
[Round "4"]
[White "Carlsen, Magnus"]
[Black "Erigaisi, Arjun"]
[Result "1-0"]
[WhiteTitle "GM"]
[BlackTitle "GM"]
[WhiteElo "2837"]
[BlackElo "2782"]
[EventDate "2025.05.26"]

1. c4 c5 2. g3 g6 3. Bg2 Bg7 4. Nc3 Nc6 5. Rb1 Nf6 6. a3 a5 7. d3 e6 8. Nf3
O-O 9. Be3 Qe7 10. Na4 d6 11. O-O Rb8 12. d4 cxd4 13. Nxd4 Nxd4 14. Bxd4 b5
15. cxb5 Rxb5 16. Nc3 Rb8 17. Qa4 Bb7 18. Bxb7 Qxb7 19. Qxa5 e5 20. Be3 d5
21. Bg5 d4 22. Bxf6 Bxf6 23. Nd5 Bg5 24. Nb4 Bd2 25. Qxe5 Bxb4 26. axb4
Qxb4 27. Rfd1 Rfe8 28. Qf4 Rxe2 29. Rxd4 Qb7 30. Qf6 Re6 31. Rd8+ Rxd8 32.
Qxd8+ Kg7 33. Qd4+ Kg8 34. b4 h5 35. b5 Rb6 36. Re1 Qb8 37. Re8+ Qxe8 38.
Qxb6 Qe1+ 39. Kg2 Qe4+ 40. Kf1 Qd3+ 41. Ke1 Qc3+ 42. Ke2 Qc2+ 43. Ke3 Qc3+
44. Ke4 Qc4+ 45. Ke5 Kg7 46. h4 Qd3 47. Qc5 Qf5+ 48. Kd6 1-0

[Event "Norway Chess 2025"]
[Site "Stavanger"]
[Date "29.05.2025"]
[Round "4"]
[White "Gukesh, Dommaraju"]
[Black "Caruana, Fabiano"]
[Result "1/2-1/2"]
[WhiteTitle "GM"]
[BlackTitle "GM"]
[WhiteElo "2787"]
[BlackElo "2776"]
[EventDate "2025.05.26"]

1. d4 d5 2. c4 e6 3. Nf3 Nf6 4. Nc3 c6 5. e3 Nbd7 6. h3 Bd6 7. Bd3 dxc4 8.
Bxc4 b5 9. Bd3 b4 10. Ne2 c5 11. e4 cxd4 12. Nexd4 O-O 13. O-O e5 14. Nf5
Nc5 15. Nxd6 Qxd6 16. Bc4 Ncxe4 17. Be3 Qe7 18. Rc1 Bb7 19. Qb3 a5 20. a3
Nd6 21. Be2 Bd5 22. Qa4 Rfb8 23. Bc5 Qe6 24. Ng5 Qf5 25. Nf3 Nde4 26. Be3
Qe6 27. Qc2 Rc8 28. Qa4 Rcb8 29. Qc2 h6 30. Bc4 Nd6 31. Bxd5 Nxd5 32. Bd2
Rc8 33. Qb3 Ne4 34. axb4 axb4 35. Be3 Nef6 36. Rfe1 Rxc1 37. Bxc1 e4 38.
Nd4 Qe5 39. Qc4 Qe8 40. Nf5 Rc8 41. Qd4 Qe6 42. Ng3 b3 43. f3 Rc2 44. fxe4
Ne7 45. Rf1 Nc6 46. Qe3 Kh7 47. Rf2 Qe5 48. Qf4 Qxf4 49. Bxf4 Nb4 50. Rd2
h5 51. h4 Ng4 52. Kf1 Rc1+ 53. Ke2 Rg1 54. Nxh5 Rxg2+ 55. Kf3 Rxd2 56. Bxd2
Ne5+ 57. Ke2 Nbc6 58. Bc3 f6 59. Nf4 Kh6 60. Ne6 Nd7 61. Kd3 Nde5+ 62. Ke2
Nd7 63. Ke3 Nce5 64. Ke2 g6 65. Nf4 Nc5 66. Ke3 Na4 67. Bxe5 fxe5 68. Nd3
Kh5 69. Nxe5 Nxb2 70. Kd2 Na4 71. Kd3 Kh6 72. Nf3 Nc5+ 73. Kc3 Nxe4+ 74.
Kxb3 g5 75. hxg5+ Nxg5 1/2-1/2

[Event "Norway Chess 2025"]
[Site "Stavanger"]
[Date "29.05.2025"]
[Round "4A"]
[White "Gukesh, Dommaraju"]
[Black "Caruana, Fabiano"]
[Result "1-0"]
[WhiteTitle "GM"]
[BlackTitle "GM"]
[WhiteElo "2787"]
[BlackElo "2776"]
[EventDate "2025.05.26"]

1. Nf3 Nf6 2. b3 d5 3. Bb2 c5 4. e3 g6 5. c4 dxc4 6. bxc4 Bg7 7. Be2 O-O 8.
O-O Nc6 9. d3 Rb8 10. Nc3 a6 11. a4 b6 12. Qd2 Bf5 13. Rfd1 Qd7 14. Nd5 Be6
15. Nxf6+ exf6 16. Bc3 a5 17. Qb2 Qe7 18. Nd2 Ne5 19. d4 cxd4 20. exd4 Nd7
21. Re1 h5 22. d5 Bf5 23. Bd3 Qd6 24. Bxf5 gxf5 25. Qc2 Qf4 26. Re3 Ne5 27.
Bxe5 fxe5 28. Rf3 Qd4 29. Rd1 e4 30. Rxf5 Rfe8 31. Nf1 Qc5 32. Ne3 Qd6 33.
Rxh5 Qg6 34. Qe2 Rbc8 35. d6 Rcd8 36. d7 Re6 37. Rhd5 Be5 38. h4 f5 39. c5
f4 40. h5 Qf7 41. Ng4 Bc7 42. cxb6 Bxb6 43. Rd6 Kf8 44. Qb2 Bc7 45. Rxe6
Qxe6 46. Qh8+ Ke7 47. Qg7+ Qf7 48. Qg5+ Kf8 49. Ne5 Qb3 50. Rd6 e3 51. Rf6+
1-0

[Event "Norway Chess 2025"]
[Site "Stavanger"]
[Date "31.05.2025"]
[Round "5"]
[White "Caruana, Fabiano"]
[Black "Carlsen, Magnus"]
[Result "1/2-1/2"]
[WhiteTitle "GM"]
[BlackTitle "GM"]
[WhiteElo "2776"]
[BlackElo "2837"]
[EventDate "2025.05.26"]

1. e4 e5 2. Nf3 Nc6 3. Bb5 a6 4. Ba4 Nf6 5. O-O Be7 6. Bxc6 dxc6 7. Re1 Nd7
8. d4 Bf6 9. Be3 O-O 10. c3 Re8 11. Nbd2 exd4 12. cxd4 Nf8 13. Qc2 Ng6 14.
h3 a5 15. Rad1 a4 16. Nb1 Be7 17. Nc3 Bb4 18. d5 Qe7 19. a3 Bd6 20. Bd4 Qd7
21. e5 Bf8 22. e6 fxe6 23. dxe6 Rxe6 24. Ne4 Ra5 25. Bc5 Qe8 26. Qc3 b6 27.
Bxf8 Nxf8 28. Neg5 Rxe1+ 29. Rxe1 Qd8 30. Qxc6 h6 31. Ne4 Be6 32. Nc3 Qd7
33. Qxd7 Bxd7 34. Re7 Rc5 35. Ne5 Bf5 36. g4 Ng6 37. Re8+ Kh7 38. f4 Nxe5
39. Rxe5 Rxe5 40. fxe5 Bd7 41. Nd5 Kg6 42. Nxc7 Kf7 43. Kf2 g5 44. Nd5 Ke6
45. Nf6 Bc8 46. Ng8 Kxe5 47. Nxh6 Be6 48. Ke3 b5 49. Nf5 Bxf5 50. gxf5 Kxf5
51. Kf3 Kf6 52. Kg4 Kg6 53. Kg3 Kh5 54. Kf3 Kh4 55. Kg2 g4 56. hxg4 Kxg4
57. Kf2 Kf4 58. Ke2 Ke4 59. Kd2 Kd4 60. Kc2 Kc4 61. b3+ axb3+ 62. Kb2 b4
63. a4 Kd5 64. Kxb3 Kc5 65. a5 Kb5 66. a6 Kxa6 67. Kxb4 1/2-1/2

[Event "Norway Chess 2025"]
[Site "Stavanger"]
[Date "31.05.2025"]
[Round "5A"]
[White "Caruana, Fabiano"]
[Black "Carlsen, Magnus"]
[Result "0-1"]
[WhiteTitle "GM"]
[BlackTitle "GM"]
[WhiteElo "2776"]
[BlackElo "2837"]
[EventDate "2025.05.26"]

1. e4 e5 2. Nf3 Nc6 3. Bc4 Nf6 4. d3 Bc5 5. c3 d6 6. Bg5 h6 7. Bh4 a6 8. a4
Ba7 9. Nbd2 Qe7 10. b4 Nd8 11. O-O Ne6 12. d4 Nf4 13. Re1 Bg4 14. Nf1 Ng6
15. Bg3 Bxf3 16. Qxf3 exd4 17. cxd4 Bxd4 18. Rad1 Ne5 19. Qb3 Ba7 20. Ne3
Bxe3 21. Rxe3 Nh5 22. Be2 Nxg3 23. hxg3 O-O 24. f4 Nd7 25. Bf3 a5 26. b5
Nc5 27. Qc2 Rad8 28. Rde1 c6 29. bxc6 bxc6 30. Rc1 Qa7 31. Kh2 Nxa4 32. Ra3
Nc5 33. Qf2 Rd7 34. Bg4 Nxe4 35. Qa2 Rc7 36. Rxa5 Qe3 37. Qa3 Qxa3 38. Rxa3
d5 39. Bf3 f5 40. Ra6 Rf6 41. Ra8+ Kh7 42. Rd8 Rd6 43. Rxd6 Nxd6 44. Bxd5
c5 45. Bb3 c4 46. Bc2 g6 47. Rd1 Ne4 48. Rd4 h5 49. Kh3 c3 50. Kh4 Kh6 51.
Rd3 Ra7 52. Rd1 Ra2 53. Rc1 Nf2 54. Bb3 Rb2 55. Rxc3 Rb1 56. g4 Rh1+ 0-1

[Event "Norway Chess 2025"]
[Site "Stavanger"]
[Date "01.06.2025"]
[Round "6"]
[White "Gukesh, Dommaraju"]
[Black "Carlsen, Magnus"]
[Result "1-0"]
[WhiteTitle "GM"]
[BlackTitle "GM"]
[WhiteElo "2787"]
[BlackElo "2837"]
[EventDate "2025.05.26"]

1. e4 e5 2. Nf3 Nc6 3. Bb5 Nf6 4. d3 Bc5 5. c3 O-O 6. O-O d6 7. h3 a6 8.
Ba4 h6 9. Re1 b5 10. Bc2 Bb6 11. Nbd2 Ne7 12. a4 Rb8 13. d4 Ng6 14. Nf1 c5
15. Ng3 cxd4 16. cxd4 bxa4 17. Bxa4 Bb7 18. d5 a5 19. Be3 Bc8 20. b3 Bxe3
21. Rxe3 Nf4 22. Bc6 Rb4 23. Qc2 g6 24. Kh1 Ba6 25. Qa2 Bd3 26. Nd2 h5 27.
Qxa5 Qxa5 28. Rxa5 h4 29. Ra4 Rfb8 30. Ra2 Kg7 31. Ra7 Rd4 32. Nf3 hxg3 33.
fxg3 Nxh3 34. gxh3 Bxe4 35. Kh2 Rd1 36. g4 Bxd5 37. Bxd5 Nxd5 38. Re2 Nf4
39. Rc2 Kf6 40. h4 Ke6 41. Ng5+ Kd5 42. Ra5+ Kd4 43. Ra4+ Kd3 44. Rf2 f6
45. Rf3+ Ke2 46. Ra2+ Rd2 47. Rxd2+ Kxd2 48. Ne4+ Ke2 49. Kg3 d5 50. Nxf6
Rf8 51. Rf2+ Ke1 52. Nd7 Ne2+ 53. Rxe2+ Kxe2 54. Nxf8 d4 55. Ne6 d3 56. Nc5
Ke3 57. Na4 e4 58. h5 gxh5 59. gxh5 Kd2 60. Nb2 e3 61. Nc4+ Ke2 62. Kf4 1-0

[Event "Norway Chess 2025"]
[Site "Stavanger"]
[Date "02.06.2025"]
[Round "7"]
[White "Gukesh, Dommaraju"]
[Black "Erigaisi, Arjun"]
[Result "1-0"]
[WhiteTitle "GM"]
[BlackTitle "GM"]
[WhiteElo "2787"]
[BlackElo "2782"]
[EventDate "2025.05.26"]

1. e4 d6 2. d4 Nf6 3. Nc3 g6 4. Nf3 Bg7 5. Bc4 O-O 6. h3 Nxe4 7. Bxf7+ Rxf7
8. Nxe4 d5 9. Nc3 c5 10. O-O cxd4 11. Nxd4 Nc6 12. Nf3 d4 13. Ne4 Qd5 14.
Re1 h6 15. c3 d3 16. Re3 Bf5 17. Ng3 Rd8 18. Bd2 e5 19. Ne1 e4 20. f3 exf3
21. Nxf3 Be6 22. Ne4 Ne5 23. Nxe5 Bxe5 24. Qe1 Rdf8 25. Ng3 Bf4 26. Rxe6
Bxd2 27. Rxg6+ Kh7 28. Qe6 Qxe6 29. Rxe6 Bf4 30. Nf1 Bc7 31. Rd1 Rd7 32.
Nd2 Bb6+ 33. Kh1 Kg7 34. Nf3 Rf6 35. Re4 Rfd6 36. Ne5 Rd8 37. Rg4+ Kf6 38.
Nc4 Rc6 39. Rf1+ Ke7 40. Rg7+ Ke8 41. Rg8+ Ke7 42. Rg7+ Ke8 43. Ne5 Re6 44.
Rg8+ Ke7 45. Rg7+ Ke8 46. Rg8+ Ke7 47. Rxd8 Kxd8 48. Nxd3 Re2 49. a4 Rd2
50. Rf3 a5 51. h4 Ke7 52. Kh2 Ke6 53. b4 Kd5 54. bxa5 Bc7+ 55. Kh3 Kc4 56.
Nf2 Bxa5 57. Ng4 Rd6 58. Ne3+ Kb3 59. Nf5 Ra6 60. Kg4 Kxa4 61. Kh5 Rc6 62.
Rf4+ Ka3 63. c4 Bd2 64. Rd4 Bc3 65. Rd5 Ka4 66. Rb5 b6 67. Nxh6 Ba5 68. Nf5
Rxc4 69. Rb1 b5 70. Ra1+ Kb4 71. g4 Rc5 72. Kg6 Rc6+ 73. Kf7 Rc7+ 74. Kg6
Rc6+ 75. Kf7 Rc7+ 76. Ke6 Rc6+ 77. Kd7 Rc7+ 78. Kd6 Rc4 79. Rb1+ Ka4 80.
Ra1+ Kb4 81. g5 Bc7+ 82. Ke6 Re4+ 83. Kf7 Be5 84. Rf1 Ka3 85. Rf3+ Ka2 86.
Re3 Rxe3 87. Nxe3 b4 88. g6 Kb1 89. Nc4 Bc3 90. g7 Bxg7 91. Kxg7 Kc2 92.
Na5 1-0

[Event "Norway Chess 2025"]
[Site "Stavanger"]
[Date "03.06.2025"]
[Round "8"]
[White "Erigaisi, Arjun"]
[Black "Caruana, Fabiano"]
[Result "1-0"]
[WhiteTitle "GM"]
[BlackTitle "GM"]
[WhiteElo "2782"]
[BlackElo "2776"]
[EventDate "2025.05.26"]

1. d4 d5 2. c4 e6 3. Nf3 Nf6 4. Nc3 Bb4 5. a3 Bxc3+ 6. bxc3 c5 7. cxd5 exd5
8. g3 O-O 9. Bg2 Ne4 10. O-O Re8 11. Qc2 cxd4 12. Nxd4 Nc6 13. Rd1 Na5 14.
Rb1 Bd7 15. Rb4 Qf6 16. Be3 Rac8 17. Bxe4 Rxe4 18. Nf3 Rxb4 19. axb4 Nc4
20. Bd4 Qa6 21. Ng5 Qh6 22. h4 f6 23. Nf3 a6 24. Ne1 Qg6 25. Nd3 Re8 26.
Qc1 Qf7 27. Re1 b6 28. Nb2 Bb5 29. Nxc4 Bxc4 30. Bxb6 Bxe2 31. Qd2 Qh5 32.
Qf4 Re4 33. Qb8+ Kf7 34. Bc5 h6 35. Kh2 Qf3 36. Qb7+ Kg6 37. Rg1 Kh7 38.
Qa7 Qf5 39. Bf8 Qg6 40. Re1 Kg8 41. Bc5 Qf5 42. Qc7 Qf3 43. Rg1 h5 44. Qd7
Bc4 45. b5 Bxb5 46. Qxd5+ Kh7 47. Qd1 Re2 48. Qb1+ Bd3 49. Qc1 Be4 50. Qf4
Qxc3 51. Be3 Bg6 52. g4 hxg4 53. h5 Bxh5 54. Qf5+ Bg6 55. Qxg4 Qe5+ 56. Rg3
Qh5+ 57. Rh3 Qxh3+ 58. Qxh3+ Kg8 59. Qg4 Bd3 60. Bh6 Re7 61. Bxg7 Be2 62.
Qg6 Rxg7 63. Qe8+ Kh7 64. Qxe2 Rg5 65. Qxa6 Kg7 66. f4 Rg4 67. f5 Rb4 68.
Kg3 Rb1 69. Qa7+ Kh6 70. Qf7 Rb3+ 71. Qxb3 1-0

[Event "Norway Chess 2025"]
[Site "Stavanger"]
[Date "05.06.2025"]
[Round "9"]
[White "Carlsen, Magnus"]
[Black "Caruana, Fabiano"]
[Result "1-0"]
[WhiteTitle "GM"]
[BlackTitle "GM"]
[WhiteElo "2837"]
[BlackElo "2776"]
[EventDate "2025.05.26"]

1. d4 d5 2. c4 e6 3. g3 Nf6 4. Bg2 Be7 5. Nf3 O-O 6. O-O dxc4 7. Qc2 a6 8.
Rd1 b5 9. Ne5 Nd5 10. b3 cxb3 11. axb3 Bb7 12. Ba3 Bd6 13. Nd3 Nd7 14. e4
Bxa3 15. Rxa3 N5f6 16. Nd2 a5 17. Rda1 c5 18. dxc5 Qc7 19. b4 axb4 20. Rxa8
Rxa8 21. Rc1 Rc8 22. Qb2 h6 23. Qxb4 Bc6 24. Qb2 Ra8 25. Nb4 Ne5 26. f4 Nc4
27. Nxc4 bxc4 28. Nxc6 Qxc6 29. Rxc4 Rc8 30. e5 Nd5 31. f5 Qa6 32. Rc1 Qa7
33. fxe6 fxe6 34. Bxd5 exd5 35. Qd4 Qd7 36. Kg2 Qc6 37. h4 Kh8 38. Rc2 Kg8
39. h5 Kh8 40. Kh3 Kg8 41. Kh2 Qe6 42. Rd2 Rd8 43. Kg2 Qc6 44. Rd1 Qa6 45.
Re1 Qe6 46. Rb1 Qf5 47. Rb2 Qxh5 48. c6 Kh7 49. e6 Qg6 50. Re2 Ra8 51. Qxd5
Ra3 52. Qe4 1-0

[Event "Norway Chess 2025"]
[Site "Stavanger"]
[Date "06.06.2025"]
[Round "10"]
[White "Erigaisi, Arjun"]
[Black "Carlsen, Magnus"]
[Result "1/2-1/2"]
[WhiteTitle "GM"]
[BlackTitle "GM"]
[WhiteElo "2782"]
[BlackElo "2837"]
[EventDate "2025.05.26"]

1. d4 d5 2. c4 e6 3. Nc3 Nf6 4. cxd5 exd5 5. Bg5 Be7 6. e3 O-O 7. Bd3 h6 8.
Bh4 c6 9. Nge2 Nbd7 10. O-O a5 11. f3 b5 12. Qc2 Re8 13. e4 b4 14. Na4 dxe4
15. fxe4 Nxe4 16. Bxe7 Qxe7 17. Qxc6 Nef6 18. Qxa8 Qe3+ 19. Kh1 Qxd3 20.
Nf4 Qxd4 21. Rad1 Qe5 22. Rc1 Nf8 23. Rxc8 Qxf4 24. Qa6 Qxf1+ 25. Qxf1 Rxc8
26. h3 Rd8 27. Qa6 Rd5 28. Nb6 Rc5 29. Nc4 Ne6 30. Nxa5 g5 31. Nc4 g4 32.
b3 gxh3 33. gxh3 Rh5 34. Kh2 Kg7 35. Qb7 Ng5 36. Nd6 Rxh3+ 37. Kg2 Rd3 38.
Nf5+ Kg6 39. Ne7+ Kh5 40. Qxb4 Nfe4 41. Kf1 Rd2 42. Qb5 Rd1+ 43. Kg2 Rd2+
44. Kf1 Kg4 45. Qf5+ Kg3 46. Qe5+ Kf3 47. Qf5+ Kg3 48. Qe5+ Kf3 49. Qf5+
Ke3 50. Nd5+ Kd4 51. Ke1 Rxa2 52. Qd7 Ra1+ 53. Ke2 Ra2+ 54. Ke1 Ra1+ 55.
Ke2 Ra2+ 56. Ke1 1/2-1/2

[Event "Norway Chess 2025"]
[Site "Stavanger"]
[Date "06.06.2025"]
[Round "10"]
[White "Caruana, Fabiano"]
[Black "Gukesh, Dommaraju"]
[Result "1-0"]
[WhiteTitle "GM"]
[BlackTitle "GM"]
[WhiteElo "2776"]
[BlackElo "2787"]
[EventDate "2025.05.26"]

1. e4 e5 2. Nf3 Nc6 3. Bc4 Nf6 4. d3 h6 5. a3 g6 6. Nc3 Bg7 7. h3 d6 8. Be3
a6 9. Qd2 Be6 10. Bxe6 fxe6 11. Ne2 g5 12. Ng3 Qd7 13. c3 O-O-O 14. b4 d5
15. Qe2 d4 16. cxd4 exd4 17. Bd2 Qe7 18. Rb1 Nd7 19. O-O Nde5 20. Nh5 Nxf3+
21. Qxf3 Be5 22. b5 axb5 23. Rxb5 Qxa3 24. Rc1 Rhf8 25. Qe2 Bd6 26. e5 Rf5
27. Rxc6 bxc6 28. Ra5 Qb2 29. exd6 Rxa5 30. Qxe6+ Kb7 31. Bxa5 Rxd6 32. Qe7
Qa1+ 33. Be1 c5 34. Ng3 Rc6 35. Kh2 Qa2 36. Ne4 Qd5 37. f3 c4 38. Qb4+ Kc8
39. Qa4 Kb7 40. Bf2 cxd3 41. Bxd4 Ra6 42. Qb4+ Kc8 43. Qf8+ Qd8 44. Qc5 Re6
45. Qc4 Rd6 46. Be5 Rd5 47. f4 d2 48. Bxc7 d1=Q 49. Bxd8+ Kxd8 50. Nc3 1-0